| 000 | 00440nam a2200157 a 4500 | ||
|---|---|---|---|
| 003 | DO-SdBNP | ||
| 005 | 20220802090849.0 | ||
| 007 | ta | ||
| 008 | 110725s1950 dr c 000 spa d | ||
| 040 |
_aDO-SdBNP _bspa _cBNPHU |
||
| 082 |
_axxxx _bL473e |
||
| 100 |
_aLedesma Sosa, R. A. _982138 |
||
| 245 | 1 | 0 |
_aEstampas de ayer / _cR. A. Ledesma Sosa |
| 260 |
_aCiudad Trujillo, República Dominicana, _bPublicidad Luz _c1950. |
||
| 942 |
_2ddc _cLF2 |
||
| 999 |
_c32176 _d32176 |
||